The noble scholar, jurist, historian


 His Excellency Dr. Abdul Wahhab bin Ibrahim Abu Sulaiman, may Allah have mercy on him.


 He was born in Umm Al-Qura in the year 1356 AH.

هذا كتاب الجوهر المنظم في زيارة القبر الشريف النبوي المكرم / (Record no. 14709)

MARC details
000 -LEADER
fixed length control field 01480cam a2200289 i 4500
003 - CONTROL NUMBER IDENTIFIER
control field SA-RiAUC
005 - DATE AND TIME OF LATEST TRANSACTION
control field 20260330145254.0
008 - FIXED-LENGTH DATA ELEMENTS--GENERAL INFORMATION
fixed length control field 260212s1892 ua g 00000 ara c
040 ## - CATALOGING SOURCE
Original cataloging agency SA-RiAUC
Language of cataloging ara
Transcribing agency SA-RiAUC
Description conventions rda
082 04 - DEWEY DECIMAL CLASSIFICATION NUMBER
Classification number 215.2
Assigning agency SA-RiAUC
090 ## - LOCALLY ASSIGNED LC-TYPE CALL NUMBER (OCLC); LOCAL CALL NUMBER (RLIN)
Classification number (OCLC) (R) ; Classification number, CALL (RLIN) (NR) م ن 215.2
Local cutter number (OCLC) ; Book number/undivided call number, CALL (RLIN) ا ب ن ح
100 1# - MAIN ENTRY--PERSONAL NAME
Personal name ابن حجر الهيتمي، أحمد بن محمد بن علي،
Dates associated with a name 909-974 هجري
Relator term مؤلف.
245 10 - TITLE STATEMENT
Title هذا كتاب الجوهر المنظم في زيارة القبر الشريف النبوي المكرم /
Statement of responsibility, etc. أحمد بن محمد بن حجر الهيتمي ؛ تصحيح محمد الزهري الغمراوي.
246 30 - VARYING FORM OF TITLE
Title proper/short title كتاب الجوهر المنظم في زيارة القبر الشريف النبوي المكرم
246 30 - VARYING FORM OF TITLE
Title proper/short title الجوهر المنظم في زيارة القبر الشريف النبوي المكرم
264 #1 - PRODUCTION, PUBLICATION, DISTRIBUTION, MANUFACTURE, AND COPYRIGHT NOTICE
Place of production, publication, distribution, manufacture [القاهرة] :
Name of producer, publisher, distributor, manufacturer المطبعة الميمنية،
Date of production, publication, distribution, manufacture, or copyright notice [1892]
300 ## - PHYSICAL DESCRIPTION
Extent 104 صفحة ؛
Dimensions 29 سم
336 ## - CONTENT TYPE
Content type term نص
Content type code txt
Source rdacontent
Materials specified كتاب
337 ## - MEDIA TYPE
Media type term بدون وسيط
Media type code n
Source rdamedia
338 ## - CARRIER TYPE
Carrier type term مجلد
Carrier type code nc
Source rdacarrier
351 ## - ORGANIZATION AND ARRANGEMENT OF MATERIALS
Arrangement مرتبة بنظام التعقيبات.
650 #7 - SUBJECT ADDED ENTRY--TOPICAL TERM
Topical term or geographic name entry element زيارة المدينة المنورة
Source of heading or term aucsh
700 1# - ADDED ENTRY--PERSONAL NAME
Personal name الغمراوي، محمد الزهري
Relator term مصحح.
856 4# - ELECTRONIC LOCATION AND ACCESS
Uniform Resource Identifier <a href="http://10.10.10.21/hipres/3319/book.Web/bookTestPage.html">http://10.10.10.21/hipres/3319/book.Web/bookTestPage.html</a>
942 ## - ADDED ENTRY ELEMENTS (KOHA)
Source of classification or shelving scheme Dewey Decimal Classification
Koha item type كتاب مصور نادر
Suppress in OPAC No
949 ## - LOCAL PROCESSING INFORMATION (OCLC)
a SA-JeALM
d 260212
u mohamedma123
n 1
Holdings
Withdrawn status Lost status Source of classification or shelving scheme Damaged status Not for loan Home library Current library Date acquired Total checkouts Full call number Barcode Date last seen Price effective from Koha item type
    Dewey Decimal Classification     DR AbdElwahab Library DR AbdElwahab Library 03/30/2026   م ن 215.2 ا ب ن ح 000023249 03/30/2026 03/30/2026 كتاب مصور نادر